|
|
|
|
| LEADER |
00000ny a22000003n 4500 |
| 005 |
20110525131113.0 |
| 008 |
080616s2003 sp s 000 0 spa c |
| 020 |
|
|
|a 8483189747
|
| 035 |
|
|
|a 1332
|
| 040 |
|
|
|a UMA.RE
|d vLex
|
| 080 |
|
|
|a 004:34(0.034)
|
| 080 |
|
|
|a 34:004(0.034)
|
| 090 |
|
|
|c 279
|d 279
|
| 100 |
1 |
|
|a Bourcier, Danil̈e
|
| 245 |
1 |
0 |
|a Inteligencia artificial y Derecho
|h [Recurso electrn̤ico]
|c Danil̈e Bourcier ; editor y autor de la introduccin̤, Pompeu Casanovas
|
| 256 |
|
|
|a Servicio en ln̕ea
|
| 260 |
|
|
|a Barcelona :
|b UOC,
|c 2003
|
| 506 |
1 |
|
|a Contenido solo disponible en los productos indicados
|d vLex Global
|d vLex Global (Academic Edition, excluding Law Schools)
|d vLex Global (U.S. Academic Edition, Law Schools)
|d vLex Global (U.S. Academic Edition, excluding Law Schools)
|d vLex Global (Academic Edition, Law Schools)
|
| 650 |
0 |
4 |
|a Civil
|2 Tesauro vLex
|
| 650 |
0 |
4 |
|a Nuevas tecnologa̕s
|2 Tesauro vLex
|
| 650 |
0 |
4 |
|a Informt̀ica jurd̕ica
|2 Tesauro vLex
|
| 700 |
1 |
|
|a Casanovas, Pompeu,
|e ed. lit
|
| 710 |
2 |
|
|a Universidad Politecnica de Cataluą
|
| 740 |
0 |
|
|a vLex Libros (Servicios en ln̕ea)
|
| 856 |
4 |
0 |
|u http://vlex.com/source/1332
|z Acceso restringido
|
| 942 |
|
|
|c BOOK
|
| 999 |
0 |
|
|a Civil Law
|b Barcelona
|